| 000 | 01406nac a22003011u 4500 | ||
|---|---|---|---|
| 010 | _a 00048334 | ||
| 020 | _a0333918282 | ||
| 020 | _a0333918282 | ||
| 082 | 0 |
_a327.096 _bDUN |
|
| 090 |
_c8317 _d8317 |
||
| 100 | _aDunn, Kevin C. [ed.] | ||
| 245 | 0 | 0 |
_aAfrica's challenge to international relations theory / _cedited by Kevin C. Dunn and Timothy M. Shaw. |
| 246 | 3 | 0 | _aChallenge to international relations theory |
| 260 |
_aHoundmills, Basingstoke, Hampshire ; _aNew York : _bPalgrave,2001 _c2001. |
||
| 300 |
_axvi, 242 p. : _bmap ; _c23 cm. |
||
| 490 | 1 | _aInternational political economy series | |
| 500 | _aDistributer: Al-Ahram | ||
| 504 | _aIncludes bibliographical references (p. 220-238) and index. | ||
| 511 | _aCatalogued by: Sara | ||
| 650 | 0 |
_aInternational relations _xPhilosophy. |
|
| 651 | 0 |
_aAfrica _xForeign relations. |
|
| 700 | 1 | _aShaw, Timothy M. | |
| 830 | 0 | _aInternational political economy series (Palgrave (Firm)) | |
| 856 | 4 | 2 |
_3Contributor biographical information _uhttp://www.loc.gov/catdir/enhancements/fy0610/00048334-b.html |
| 856 | 4 | 2 |
_3Publisher description _uhttp://www.loc.gov/catdir/enhancements/fy0610/00048334-d.html |
| 856 | 4 | 2 |
_3Table of contents only _uhttp://www.loc.gov/catdir/enhancements/fy0610/00048334-t.html |
| 942 |
_cBB _k327.096DUN |
||
| 999 |
_c8317 _d8317 |
||